000 00281nam a22001217a 4500
003 SGT
082 _a617.05
_bT10B
100 _aBURKE, CHARLES T.
245 _aTHE TEACHING FILES INTERVENTIONAL
260 _aPHILADELPHIA
_bSAUNDERS PUB
_c2010
300 _a625
942 _2ddc
_cBK
999 _c14578
_d14578